<?xml version="1.0" encoding="UTF-8"?>
<collection xmlns="http://www.loc.gov/MARC21/slim">
  <record>
    <leader>00000nam  2200000   4500</leader>
    <controlfield tag="001">INLIS000000000017363</controlfield>
    <controlfield tag="005">20240729104221</controlfield>
    <datafield tag="035" ind1="#" ind2="#">
      <subfield code="a">0010-0724000096</subfield>
    </datafield>
    <controlfield tag="007">ta</controlfield>
    <controlfield tag="008">240729################g##########0#ind##</controlfield>
    <datafield tag="020" ind1="#" ind2="#">
      <subfield code="a">979 420 333 5</subfield>
    </datafield>
    <datafield tag="082" ind1="#" ind2="#">
      <subfield code="a">352.38</subfield>
    </datafield>
    <datafield tag="084" ind1="#" ind2="#">
      <subfield code="a">352.38 KUM s</subfield>
    </datafield>
    <datafield tag="100" ind1="1" ind2="#">
      <subfield code="a">Kumorotomo, Wahyudi</subfield>
    </datafield>
    <datafield tag="245" ind1="1" ind2="#">
      <subfield code="a">Sistem Informasi Manajemen Dalam Organisasi-Organisasi Publik /</subfield>
      <subfield code="c">Wahyudi Kumorotomo, Subando Agus Margono</subfield>
    </datafield>
    <datafield tag="250" ind1="#" ind2="#">
      <subfield code="a">Cetakan ke 6</subfield>
    </datafield>
    <datafield tag="260" ind1="#" ind2="#">
      <subfield code="a">Yogyakarta :</subfield>
      <subfield code="b">Gadjah Mada University Press,</subfield>
      <subfield code="c">2009</subfield>
    </datafield>
    <datafield tag="300" ind1="#" ind2="#">
      <subfield code="a">464 halaman :</subfield>
      <subfield code="b">ilus ;</subfield>
      <subfield code="c">21 cm</subfield>
    </datafield>
    <datafield tag="650" ind1="#" ind2="4">
      <subfield code="a">Sistem Informasi</subfield>
    </datafield>
    <datafield tag="700" ind1=" " ind2="#">
      <subfield code="a">Subando Agus Margono</subfield>
    </datafield>
    <datafield tag="520" ind1="#" ind2="#">
      <subfield code="a">Pemakaian teknologi informasi telah memberi warna baru pada mekanisme layanan umum yang diberikan oleh organisasi-organisasi publik sebagai orga­nisasi yang memiliki misi dan sistem pengambilan keputusan yang berbeda dengan organisasi swasta. Komputerisasi dan otomasi berlangsung dimana-mana seiring dengan pengembangan sistem ad­ministrasi di dalam organisasi-organisasi tersebut guna menciptakan tata-kerja yang efektif dan efisien. Pada saat yang sama Sistem Informasi Manajemen Nasional (SIMNAS) yang andal hanya akan dapat dicapai apabila pengembangan simpul-simpul sistem informasi manaje­men da­lam organisasi-organisasi publik itu dapat dilaksanakan dengan baik. Masalah yang dihadapi oleh organisasi-organisasi publik pada umumnya dalam rangka pengem­bangan sistem informasi manajemen ialah bagaimana memadukan nilai efektivitas sistem administrasi dan layanan umum kepada masyarakat dengan nilai efisiensi didalam tata-kerja organisasi.&#13;
&#13;
Secara umum, SIM publik terutama memiliki dua pola yaitu:&#13;
&#13;
1. Sistem pendukung keputusan (decision support system)&#13;
2. Sistem manajemen database untuk layanan umum.&#13;
&#13;
Kebutuhan-kebutuhan akan perencana­an sistem komunikasi data, otoritas peng­gunaan data, arsitektur perangkat keras dan perangkat lunak maupun sumberdaya manusia yang menunjang masing-masing pola ini dalam beberapa hal akan berla­inan pula. Sistem pendukung keputusan lebih banyak menyangkut perencanaan beserta keputusan-keputusan strategis tingkat manajerial dengan waktu tang­gapan atas informasi yang lebih cepat. Sebaliknya, sistem manajemen database layanan umum lebih banyak menyangkut keputusan-keputusan rutin tetapi harus disertai dengan akurasi data dan informasi yang tinggi serta sistem operasional yang dapat diandalkan. Dimasa mendatang, pengembangan SIM publik akan menga­rah kepada perluasan aplikasi teknologi informasi, pola administrasi yang lebih fungsional, pemakaian teknik-teknik baru didalam pengembangan SIM berbasis komputer, dan penciptaan sistem layanan umum yang integratif.</subfield>
    </datafield>
    <datafield tag="990" ind1="#" ind2="#">
      <subfield code="a">131016066</subfield>
    </datafield>
  </record>
</collection>
